<?xml version="1.0" encoding="UTF-8"?>
<record
    xmlns:xsi="http://www.w3.org/2001/XMLSchema-instance"
    xsi:schemaLocation="http://www.loc.gov/MARC21/slim http://www.loc.gov/standards/marcxml/schema/MARC21slim.xsd"
    xmlns="http://www.loc.gov/MARC21/slim">

  <leader>00281nam a22001217a 4500</leader>
  <datafield tag="040" ind1=" " ind2=" ">
    <subfield code="c">HS</subfield>
  </datafield>
  <datafield tag="082" ind1=" " ind2=" ">
    <subfield code="a">611</subfield>
  </datafield>
  <datafield tag="100" ind1=" " ind2=" ">
    <subfield code="a">&#x17A0;&#x17CA;&#x1793;&#x17CB; &#x17A0;&#x17C0;&#x1780;</subfield>
  </datafield>
  <datafield tag="245" ind1=" " ind2=" ">
    <subfield code="a">&#x179A;&#x17C4;&#x1782;&#x179F;&#x17B6;&#x179F;&#x17D2;&#x178F;&#x17D2;&#x179A;&#x179F;&#x178F;&#x17D2;&#x179C;&#x17E2;</subfield>
  </datafield>
  <datafield tag="260" ind1=" " ind2=" ">
    <subfield code="a">RUA</subfield>
    <subfield code="b">&#x17A0;&#x17CA;&#x1793;&#x17CB; &#x17A0;&#x17C0;&#x1780;</subfield>
    <subfield code="c">NA</subfield>
  </datafield>
  <datafield tag="300" ind1=" " ind2=" ">
    <subfield code="a">60p;</subfield>
  </datafield>
  <datafield tag="942" ind1=" " ind2=" ">
    <subfield code="c">KB</subfield>
  </datafield>
  <datafield tag="999" ind1=" " ind2=" ">
    <subfield code="c">9850</subfield>
    <subfield code="d">9850</subfield>
  </datafield>
  <datafield tag="952" ind1=" " ind2=" ">
    <subfield code="0">0</subfield>
    <subfield code="1">0</subfield>
    <subfield code="4">0</subfield>
    <subfield code="6">611_000000000000000_&#x17A0;&#x1793;_NA_C235</subfield>
    <subfield code="7">0</subfield>
    <subfield code="9">52036</subfield>
    <subfield code="a">LBC</subfield>
    <subfield code="b">LBC</subfield>
    <subfield code="c">C235</subfield>
    <subfield code="d">2016-09-14</subfield>
    <subfield code="o">611 &#x17A0;&#x17CA;&#x1793;&#x17CB; NA C235</subfield>
    <subfield code="p">RUA046891</subfield>
    <subfield code="r">2016-09-14</subfield>
    <subfield code="y">KB</subfield>
  </datafield>
  <datafield tag="952" ind1=" " ind2=" ">
    <subfield code="0">0</subfield>
    <subfield code="1">0</subfield>
    <subfield code="4">0</subfield>
    <subfield code="6">611_000000000000000_&#x17A0;&#x1793;_NA_C235</subfield>
    <subfield code="7">0</subfield>
    <subfield code="9">52037</subfield>
    <subfield code="a">LBC</subfield>
    <subfield code="b">LBC</subfield>
    <subfield code="c">C235</subfield>
    <subfield code="d">2016-09-14</subfield>
    <subfield code="o">611 &#x17A0;&#x17CA;&#x1793;&#x17CB; NA C235</subfield>
    <subfield code="p">RUA046016</subfield>
    <subfield code="r">2016-09-14</subfield>
    <subfield code="y">KB</subfield>
  </datafield>
</record>
